Places on the London Underground - Statistics

General Stats
  • This quiz has been taken 58 times
  • The average score is 11 of 19
Answer Stats
Answer Underground Line % Correct
{Kent}ish Town Northern
93%
{Kent}on Bakerloo
93%
South {Kent}on Bakerloo
93%
{Oxford} Circus Central / Bakerloo / Victoria
91%
{Leicester} Square Piccadilly / Northern
78%
{Canada} Water Jubilee
71%
East {India} DLR
67%
{Warwick} Avenue Bakerloo
67%
West {India} Quay DLR
67%
{Lancaster} Gate Central
64%
Waterloo Waterloo & City / Bakerloo
58%
{Boston} Manor Piccadilly
53%
{Stamford} Brook District
49%
{Gloucester} Road District / Piccadilly / Circle
47%
{Preston} Road Metropolitan
42%
{Devon}s Road DLR
33%
{Holland} Park Central
29%
{Liverpool} Street Metropolitan
29%
Cyprus DLR
20%
No matching quizzes found
Score Distribution
Percent of People with Each Score
Percentile by Number Answered
Your Score History
You have not taken this quiz